000 00627nam a2200241Ia 4500
003 OSt
005 20221007111710.0
006 a|||||r|||| 00| 0
007 ta
008 221006b |||||||| |||| 00| 0 eng d
024 _a24,135
037 _cTextual
040 _aLCO
_cLCO
_beng
041 _2eng
_aeng
082 _aX:57:(Z2), M1
100 _aMalik P.L.
245 0 _aGuide to Foreign Exchange Regulations
260 _aLucknow
_bEastern Book Company India
_c1981
300 _a317
650 _aFOREIGN EXCHANGE
942 _hX:57:(Z2), M1
_cTEXL
999 _c1193698
_d1193698